00338nam a2200145Ia 4500008004100000020001800041041000800059082001600067100001300083245003100096260002800127300000800155365001600163700001300179230718s9999 xx 000 0 und d a9788131758021 aeng a725.23bALG aAlger D. aGrow A Greener Data Center c2011bPearson Education a270 cRs.b499.00 aAlger D.